| 000 | 00441nam a22001457a 4500 | ||
|---|---|---|---|
| 020 | _a9789695623725 | ||
| 082 | _a891.43915 MAL | ||
| 100 | _aMalik, Nadeem Shafiq Dr. | ||
| 245 | _aGlobal Imprints and appreciation of Allama Iqbal | ||
| 260 |
_aKarachi _bFiction House _c2015 |
||
| 300 | _a223 p. | ||
| 500 | _aIncludes bibliographical references | ||
| 650 | _a1. Iqbal, Muhammad Sir, 1877-1938---Criticism and interprotation. | ||
| 942 | _cBK | ||
| 999 |
_c13577 _d13577 |
||